| 000 | 00613nam a22001937a 4500 | ||
|---|---|---|---|
| 999 |
_c5145 _d5145 |
||
| 003 | AR-CdUCM | ||
| 008 | 190312b ||||| |||| 00| 0 spa d | ||
| 040 |
_aMUNICIPALIDAD PROVINCIAL DEL CUSCO _cBIBLIOTECA MUNICIPAL DEL CUSCO |
||
| 082 |
_a709 / _bN94 |
||
| 100 |
_aNuñez Jiménez, Antonio _915634 |
||
| 245 | _aArte Rupestre de Cuba / | ||
| 260 |
_aTorino-Italia : _bF&G.Industrie Grafiche ; _c1985. |
||
| 300 |
_a123 páginas _bFotografías, ilustraciones _c30cm |
||
| 505 | _aContenido: Arte rupestre | ||
| 650 |
_aArte rupestre _912199 |
||
| 650 |
_aCuba _91821 |
||
| 942 |
_2ddc _cLIBROS |
||
| 945 | _anom | ||